| 000 | 01239cam a22003015a 4500 | ||
|---|---|---|---|
| 001 | 18116337 | ||
| 005 | 20201128021454.0 | ||
| 008 | 140415s2013 enka frb 001 0 eng d | ||
| 020 | _a9780080982403 (hardback) | ||
| 040 |
_aDLC _beng _cDLC _dEG-ScBUE _dEG-ScBUE |
||
| 082 | 0 | 4 |
_a368.01 _bGAR _222 |
| 100 | 1 |
_aGarrett, S. J. _q(Stephen J.) _938943 |
|
| 245 | 1 | 3 |
_aAn introduction to the mathematics of finance : _ba deterministic approach / _cS. J. Garrett. |
| 246 | 3 | 0 | _aMathematics of finance |
| 250 | _a2nd ed. | ||
| 260 |
_aOxford ; _aWaltham : _bButterworth-Heinemann / Elsevier, _c2013. |
||
| 300 |
_axii, 450 p. : _bill. ; _c24 cm. |
||
| 500 | _aIndex : p. 443-450. | ||
| 500 | _a"A revision of the original 'An introduction to the mathematics of finance' by J.J. McCutcheon and W.F. Scott."--Preface. | ||
| 500 | _a"Published for the Institute and Faculty of Actuaries (RC000243) http://www.actuaries.org.uk". | ||
| 504 | _aBibliography : p. 441-442. | ||
| 650 | 7 |
_aFinance _xMathematical models. _2BUEsh _922542 |
|
| 650 | 7 |
_aBusiness mathematics. _2BUEsh _9801 |
|
| 651 | _2BUEsh | ||
| 653 |
_bBUSADM _cAugust2015 _cDecember2015 _cFebruary2016 |
||
| 710 | 2 | _aInstitute and Faculty of Actuaries (Great Britain). | |
| 942 | _2ddc | ||
| 999 |
_c20465 _d20437 |
||